Vizualizácia a tvorba kinematiky priemyselných robotov

Salvato in:
Dettagli Bibliografici
Autore principale: Kopko, Peter (Autore)
Altri autori: Komák, Martin (Relatore della tesi)
Natura: Manoscritto Libro
Lingua:slovacco
Pubblicazione: 2023
Soggetti:
Accesso online:http://is.stuba.sk/zp/portal_zp.pl?podrobnosti=162677
Tags: Aggiungi Tag
Nessun Tag, puoi essere il primo ad aggiungerne!!

MARC

LEADER 00000ntm a22000003a 4500
001 stuzp92359
003 SK-STU
005 20230909212907.8
007 ta
008 150427s2015----xo-----f-mn---000-0-slo-d
040 |a STU  |b slo 
041 0 |a slo 
100 1 |a Kopko, Peter  |u 070200  |4 aut  |U FIIT Fakulta informatiky a informačných technológií  |T FIIT Ústav informatiky, informačných systémov a softvérového inžinierstva  |X 110823  |U I200  |Y 179  |7 110823 
242 0 1 |a Visualisation and creation of kinematics of industrial robots  |y eng 
245 1 0 |a Vizualizácia a tvorba kinematiky priemyselných robotov 
260 |c 2023 
650 4 |a Kinematická úloha  |2 slo 
650 4 |a Priemyselný robot  |2 slo 
650 4 |a 3D vizualizácia  |2 slo 
650 4 |a 3D visualization  |2 eng 
650 4 |a Kinematic problem  |2 eng 
650 4 |a Industrial robot  |2 eng 
700 1 |a Komák, Martin  |u 070200  |k Z1  |4 ths  |U FIIT Fakulta informatiky a informačných technológií  |T FIIT Ústav informatiky, informačných systémov a softvérového inžinierstva  |X 68441  |U I200  |Y 179  |7 A000068441 
856 4 |u http://is.stuba.sk/zp/portal_zp.pl?podrobnosti=162677